Drapeau correct ou incorrect? #6 - Mort subite - Statistiques

Statistiques générales
  • Ce quiz a été pris 281 fois
  • Le résultat moyen est 3 sur 20
Answers on the Grid
Answers color-coded by a green-red scale on the quiz's grid according to % correct below.
 
Statistiques - réponses
Réponse % Correct
32%
30%
23%
22%
21%
21%
16%
16%
16%
15%
14%
14%
12%
12%
11%
11%
11%
10%
10%
7%
Aucun quiz correspondant
Distribution des résultats
% des personnes avec chaque résultat
Percentile par nombre de réponses
Votre historique - résultats
Vous n’avez pas pris ce quiz